| 000 | 00885nam a22002297a 4500 | ||
|---|---|---|---|
| 005 | 20240530110622.0 | ||
| 008 | 161226s2015 ua aof f b 000 0 ara d | ||
| 017 |
_a2014/25164 _bمصر. دار الكتب |
||
| 020 | _a9789777352307 | ||
| 040 |
_aEG-CaGPL _cEG-CaGPL |
||
| 082 | 0 | 4 |
_221 _a748.29053\ _bح ز |
| 100 | 0 | _aحسن محمد نور عبدالنور . | |
| 245 | 1 | 2 |
_aالزجاج الاسلامى / _cتاليف حسن محمد نور عبدالنور . |
| 250 | _aط.1 | ||
| 260 |
_aالاسكندرية : _bدار الوفاء لدنيا الطباعة و النشر ، _c2015 . |
||
| 300 |
_a591 ص : _bصور لو ؛ _c24 سم . |
||
| 504 | _aيشتمل على ارجاعات ببليوجرافية | ||
| 650 |
_2qrmak _aالزخارف الاسلامية |
||
| 650 |
_2qrmak _aالزجاج . |
||
| 942 |
_2ddc _cBK |
||
| 999 |
_c63079 _d63079 |
||